La mel (Record no. 164048)

MARC details
000 -LEADER
campo de control de longitud fija 00852nam a22001935i 4500
001 - NÚMERO DE CONTROL
campo de control 164048
003 - IDENTIFICADOR DE NÚMERO DE CONTROL
campo de control ES-MaACL
005 - FECHA Y HORA DE LA ÚLTIMA TRANSACCIÓN
campo de control 20250915063059.0
008 - DATOS DE LONGITUD FIJA--INFORMACIÓN GENERAL
campo de control de longitud fija 021008s1899 sp |||| | cat d
040 ## - FUENTE DE CATALOGACIÓN
Centro catalogador/agencia de origen CAM
Lengua de catalogación spa
Centro/agencia transcriptor CAM
100 1# - ENTRADA PRINCIPAL--NOMBRE DE PERSONA
Nombre de persona Rovira y Serra, Manuel,
Fechas asociadas al nombre 1865-1929
9 (RLIN) 132129
245 13 - MENCIÓN DEL TÍTULO
Título La mel
Resto del título : drama en tres actes y en prosa /
Mención de responsabilidad, etc. original de Manel Rovira y Serra.
260 ## - PUBLICACIÓN, DISTRIBUCIÓN, ETC.
Lugar de publicación, distribución, etc. Barcelona :
Nombre del editor, distribuidor, etc. [s.n.],
Fecha de publicación, distribución, etc. 1898 (
Fabricante Imprempta l'Atlántida)
300 ## - DESCRIPCIÓN FÍSICA
Extensión 106 p. ;
Dimensiones 21 cm.
500 ## - NOTA GENERAL
Nota general En port.: Estrenat en lo Teatro Catalá instalat en lo de Romea la nit del 22 de novembre de 1898.
596 ## - NOTA AL PIE DE IMPRENTA
NOTA AL PIE DE IMPRENTA Fecha del pie de imp. de la cub., 1899.
852 ## - LOCALIZACIÓN
Ubicación ES-MaACL
Nota libre G-3518(7)
-- -- Enc. tela roja con hierros dorados, falto de la enc. original
condición física -- Enc. en un vol. facticio
Encuadernación -- T650: Teatro español - S. XIX
Holdings
Estatus retirado Estado de pérdida Estado de daño No para préstamo Colección Biblioteca de origen Biblioteca actual Ubicación en estantería Fecha de adquisición Fuente de adquisición Total de préstamos Signatura topográfica completa Código de barras Visto por última vez Precio de reemplazo Tipo de ítem Koha
        Libros del s. XIX Biblioteca del Ateneo de Madrid Biblioteca del Ateneo de Madrid Depósito 2 17/01/2008     G-3518(7) 1171931 23/02/2023 23/02/2023 Libro impreso antiguo